Ako firmy môžu prežiť v kríze

Základné signály trhu ako prežiť v kríze. Makroúroveň - balíček protikrízových opatrení. Mikroúroveň - balíček protikrízových opatrení. Opatrenia k finančnej obozretnosti vo firme.

Salvato in:
Dettagli Bibliografici
Autore principale: Burák, Emil
Natura: Capitolo di libro
Lingua:slovacco
Soggetti:
Tags: Aggiungi Tag
Nessun Tag, puoi essere il primo ad aggiungerne!!

MARC

LEADER 00000naa$a2200000$$$4500
001 0096001
005 20231103071455.4
041 0 |a slo 
044 |a SK 
245 1 0 |a Ako firmy môžu prežiť v kríze  |c Emil Burák 
520 |a Základné signály trhu ako prežiť v kríze. Makroúroveň - balíček protikrízových opatrení. Mikroúroveň - balíček protikrízových opatrení. Opatrenia k finančnej obozretnosti vo firme. 
610 2 0 |a firmy 
610 2 0 |a kríza finančná 
610 2 0 |a riadenie podnikové 
610 2 0 |a znižovanie nákladov 
610 2 0 |a rozhodovanie taktické 
100 1 |a Burák, Emil